<?xml version="1.0" encoding="UTF-8"?>
<record
    xmlns:xsi="http://www.w3.org/2001/XMLSchema-instance"
    xsi:schemaLocation="http://www.loc.gov/MARC21/slim http://www.loc.gov/standards/marcxml/schema/MARC21slim.xsd"
    xmlns="http://www.loc.gov/MARC21/slim">

  <leader>01603nam a2200205Ia 4500</leader>
  <controlfield tag="001">a2037-50894 </controlfield>
  <controlfield tag="003">IT-MiCISF</controlfield>
  <controlfield tag="008">161014s9999||||xx |||||||||||||| ||und||</controlfield>
  <datafield tag="040" ind1=" " ind2=" ">
    <subfield code="a">IT-MiCISF</subfield>
    <subfield code="c">IT-MiCISF</subfield>
  </datafield>
  <datafield tag="041" ind1=" " ind2=" ">
    <subfield code="a">it</subfield>
  </datafield>
  <datafield tag="100" ind1=" " ind2=" ">
    <subfield code="a">Crone Eveline</subfield>
  </datafield>
  <datafield tag="245" ind1=" " ind2="0">
    <subfield code="a">Nella testa degli adolescenti</subfield>
    <subfield code="b">I nostri ragazzi spiegati attraverso lo studio del loro cervello</subfield>
  </datafield>
  <datafield tag="250" ind1=" " ind2=" ">
    <subfield code="a">1a ed.</subfield>
  </datafield>
  <datafield tag="260" ind1=" " ind2=" ">
    <subfield code="a"> Milano</subfield>
    <subfield code="b">Urra-Apogeo</subfield>
    <subfield code="c">2012 [Edizione originale: 2008]</subfield>
  </datafield>
  <datafield tag="300" ind1=" " ind2=" ">
    <subfield code="a">pp. 166</subfield>
  </datafield>
  <datafield tag="500" ind1=" " ind2=" ">
    <subfield code="a"> / adolescenza, teoria, pubert&#xE0;, apprendimento, sviluppo-morale / Un libro chiaro e tranquillizzante per insegnanti, educatori e genitori, che non riescono pi&#xF9; a capire i loro figli. L'A., studiosa di psicologia dello sviluppo, spiega sulla base delle ricerche pi&#xF9; recenti delle neuroscienze le logoranti turbolenze che si verificano durante la pubert&#xE0;. E mostra con esempi illuminanti come il comportamento, spesso terribilmente irritante, dei pi&#xF9; giovani dipenda da un processo molto particolare: la progressiva riorganizzazione del cervello durante l'adolescenza. L' A.  non solo fa capire perch&#xE9; ragazzi e ragazze sono cos&#xEC; inclini a eccessi e sbalzi emotivi e a comportamenti pericolosi, finendo non di rado per essere disorientati o bruciarsi, ma mostra anche i limiti e le opportunit&#xE0; propri di questa fase della vita. Un libro che promuove la comprensione e la pazienza, ma che solleva anche interrogativi su come gli adulti possono trattare con gli adolescenti nel modo pi&#xF9; adeguato.</subfield>
  </datafield>
  <datafield tag="650" ind1=" " ind2=" ">
    <subfield code="a"> Adolescenti e giovani / et&#xE0;-evolutiva</subfield>
    <subfield code="e">009</subfield>
  </datafield>
  <datafield tag="942" ind1=" " ind2=" ">
    <subfield code="c">BK</subfield>
  </datafield>
  <datafield tag="957" ind1=" " ind2=" ">
    <subfield code="7">1</subfield>
  </datafield>
  <datafield tag="999" ind1=" " ind2=" ">
    <subfield code="a">50894</subfield>
    <subfield code="b">si</subfield>
    <subfield code="g">1</subfield>
    <subfield code="c">217134</subfield>
    <subfield code="d">217134</subfield>
  </datafield>
  <datafield tag="952" ind1=" " ind2=" ">
    <subfield code="0">0</subfield>
    <subfield code="1">0</subfield>
    <subfield code="4">0</subfield>
    <subfield code="6">A_203750894</subfield>
    <subfield code="7">1</subfield>
    <subfield code="a">CISF</subfield>
    <subfield code="b">CISF</subfield>
    <subfield code="d">2016-10-14</subfield>
    <subfield code="l">0</subfield>
    <subfield code="o">a2037-50894 </subfield>
    <subfield code="r">2016-10-14 00:00:00</subfield>
    <subfield code="w">2016-10-14</subfield>
    <subfield code="y">BK</subfield>
    <subfield code="z">Data import 15.10.2016 / by Epidotti, Vaglietti</subfield>
  </datafield>
</record>
